000 01937nam a22002777a 4500
999 _c60832
_d60832
003 Ge_BSU
005 20231027164756.0
008 231027s2023 ge ||||| |||| 00| 0 geo d
041 _ageo
080 _a321(4)(075.8)+94(4) ბ-24
100 _aბაჟუნაიშვილი, ლაშა
_96081
245 _aევროპული ერთობა :
_bიდეა, პოლიტიკა, ინტეგრაცია. პირველი ნაწილი /
_cლაშა ბაჟუნაიშვილი, ირაკლი გორგილაძე; რედ. : ზვიად აბაშიძე, ნათია ლაპიაშვილი; ყდის დიზაინი ანინა დევაძე.
264 _aბათუმი,
_c2023.
300 _a598 გვ. :
_bილ.;
_c24 სმ.
500 _aწიგნი ეძღვნება შვილებს- ხატიას, ლაშა-გიორგის, თედოს, ილიას, სოფიას, თათიას და მარიას. ასევე საქართველოს მომავალ თაობას -საერთო ევროპული ოჯახის ნაწილს.
504 _aბიბლიოგრ. გვ. 595-598
653 _aევროპა
653 _aპოლიტიკა
653 _aგლობალური ომები
653 _aევროპული ინტეგრაცია
700 _aგორგილაძე, ირაკლი
_eავტორი
_913494
700 _aაბაშიძე, ზვიად
_eრედაქტორი
_99104
700 _aლაპიაშვილი, ნათია
_eრედაქტორი
_920261
700 _aდევაძე, ანინა
_eყდის დიზაინერი
_920262
942 _2udc
_cᲬᲘᲒᲜᲘ